000 01100nam a2200385 a 4500
003 AR-BaBNM
005 20251128203900.0
008 082120s2002 ||||||||||||||000 | spa||
020 _a968-424-059-7
040 _cAR-BaBNM
100 1 _aNerici, Imideo Giuseppe
245 0 0 _aMetodología de la enseñanza
250 _a4ª ed.
260 _a[S.l.]
_bKapelusz Mexicana
_c1990
300 _axvii, 415 p.
_bil.
490 0 _aActualización pedagógica
504 _aContiene bibliografía
650 4 _aOBJETIVOS EDUCACIONALES
650 4 _aTRABAJO EN EQUIPO
650 4 _aDIDACTICA
650 4 _aENSEÑANZA INDIVIDUALIZADA
650 4 _aDIFICULTADES EN EL APRENDIZAJE
650 4 _aTECNICAS DE ENSEÑANZA
650 4 _aACTIVIDADES EN GRUPO
650 4 _aPLANES EDUCACIONALES
650 4 _aCOORDINACION EDUCACIONAL
650 4 _aEVALUACION DEL PLAN DE ESTUDIOS
650 4 _aAUTOEVALUACION
650 4 _aMETODOS DE EVALUACION
650 4 _aTECNICAS DE EVALUACION
650 4 _aENSEÑANZA PROGRAMADA
653 _aMETODOS EDUCATIVOS
942 _cBK
998 _cCarmen
999 _c5312
_d5312